LEADER 01212nam a22002891i 4500 001 991002505499707536 005 20250306133140.0 008 030925s1955 fr ||||er|||||||1|||fre d 035 $ab12298153-39ule_inst 035 $aARCHE-034572$9ExL 040 $aBibl. Interfacoltà T. Pellegrino$bita$cA.t.i. Arché s.c.r.l. Pandora Sicilia s.r.l.$dSocioculturale Scs 041 0 $afre 082 04$a914.504$223 100 1 $aMontaigne, Michel :$cde$d<1533-1592>$0172668 245 10$aJournal de voyage en Italie par la Suisse et l'Allemagne en 1580 et 1581 /$cMontaigne ; nouvelle édition établie sur le texte de l'édition originale posthume de 1774 ... par Maurice Rat 260 $aParis :$bGarnier,$cstampa 1955 300 $aXXXII, 298 p. ;$c19 cm 490 1 $aClassiques Garnier 651 4$aItalia$xDescrizione [e]$xViaggi$y1580-1581 700 1 $aRat, Maurice 830 0$aClassiques Garnier 907 $a.b12298153$b02-04-14$c08-10-03 912 $a991002505499707536 945 $aLE002 Fr. II H 22$g1$i2002000029942$lle002$o-$pE0.00$q-$rl$s-$t0$u1$v0$w1$x0$y.i12692670$z08-10-03 996 $aJournal de voyage$9533643 997 $aUNISALENTO 998 $ale002$b08-10-03$cm$da$e-$ffre$gfr$h0$i1